000 00827nam a2200241 a 4500
008 951027s1990||||[C 0 slo c
020 _a8006003114
_c24 Kčs.
_q(8000 výtl.)
040 _aSNK
_bslo
_cSNK
_eAACR2
041 1 _aslo
_heng
044 _axo
_cSK
080 _a820 (73)-3(087.5)
100 1 _aBrink, Ryrie Carol
_4aut
245 1 0 _aCaddie
_cRyrie Carol Brink ; Ondrej Laurinc, Marián Oravec, Irena Závodná, Ondrej Laurinc
250 _a1., vyd.
260 _aBratislava
_bMladé letá
_c1990
_eBanská Bystrica
_fTlačiarne SNP
300 _a176 s., 11,78 AH
_c25 cm
500 _aIlustr. na tit. liste a front. Pre čitateľov od 9 rokov. Výslovnosť mien.
700 1 _aLaurinc, Ondrej
_4trl
700 1 _aOravec, Marián
_4bkd
700 1 _aZávodná, Irena
_4bkd
700 1 _aLaurinc, Ondrej
_4oth
958 _aA
999 _c1
_d1